| 000 | 00771nam a2200217 a 4500 | ||
|---|---|---|---|
| 005 | 20220520113309.0 | ||
| 008 | 991125s1994 mx 000 0 spa u | ||
| 020 | _a9682451132 | ||
| 035 | _aUPN01000028231 | ||
| 049 | _aLT | ||
| 050 | 4 |
_aLB1642 M6.3 _bM8.3 |
|
| 100 | 1 |
_aMuñoz, Virgilio _929569 |
|
| 245 | 1 | 0 |
_aHistoria de México : _breflexiones acerca de nuestro pasado y presente : tercer grado _btercer grado / _cVirgilio Muñoz, Ana Cristina Avila, Ana María Campusano |
| 260 |
_aMéxico : _bTrillas, _c1994 |
||
| 300 |
_a256 p. : _bil. col. |
||
| 500 | _a"Nuevos programas" | ||
| 651 | 4 |
_aMéxico _xHistoria _xEstudio y enseñanza (Secundaria) _99913 |
|
| 700 | 1 |
_aAvila, Ana Cristina _ecoaut _928864 |
|
| 700 | 2 |
_aCampusano, Ana María, _ecoaut. |
|
| 905 | _aLibro | ||
| 999 |
_c28231 _d28231 |
||